Time for JCT to embrace sustainability (Record no. 80593)
[ view plain ]
| 000 -LEADER | |
|---|---|
| fixed length control field | 00910cab a22001815a 4500 |
| 001 - CONTROL NUMBER | |
| control field | L144796 |
| 008 - FIXED-LENGTH DATA ELEMENTS--GENERAL INFORMATION | |
| fixed length control field | 080811e20080723xxko f s 000 0 eng d |
| 035 ## - SYSTEM CONTROL NUMBER | |
| System control number | (Sirsi) u144796 |
| 041 0# - LANGUAGE CODE | |
| Language code of text/sound track or separate title | eng |
| 100 1# - MAIN ENTRY--PERSONAL NAME | |
| Personal name | Howard, Paul |
| 245 00 - TITLE STATEMENT | |
| Title | Time for JCT to embrace sustainability |
| 260 ## - PUBLICATION, DISTRIBUTION, ETC. | |
| Date of publication, distribution, etc. | 2008 |
| 490 ## - SERIES STATEMENT | |
| Series statement | Contract Journal |
| Volume/sequential designation | 444(6685) 23 July 2008, 17-19(2) |
| 520 ## - SUMMARY, ETC. | |
| Summary, etc. | Article discusses sustainability contracts and argues that JCT are in an ideal place to move forward their use (as JCT standard forms of agreement account for over 70% of construction contracts). JCT seem to be expressing enthusiasm for the idea, but are concerned about discussion over definitions of sustainability in an environment where there is little consensus over what the term means. |
| 651 #4 - SUBJECT ADDED ENTRY--GEOGRAPHIC NAME | |
| Geographic name | England and Wales |
| Chronological subdivision | 1543- |
| 690 ## - LOCAL SUBJECT ADDED ENTRY--TOPICAL TERM (OCLC, RLIN) | |
| Topical term or geographic name as entry element | ENVIRONMENTAL AND LAND CONSULTANCY-SUSTAINABILITY-SUSTAINABLE DEVELOPMENT |
| 942 ## - ADDED ENTRY ELEMENTS (KOHA) | |
| Suppress in OPAC | 0 |
| Withdrawn status | Lost status | Source of classification or shelving scheme | Damaged status | Not for loan | Home library | Current library | Shelving location | Date acquired | Total Checkouts | Full call number | Barcode | Date last seen | Copy number | Price effective from | Koha item type |
|---|---|---|---|---|---|---|---|---|---|---|---|---|---|---|---|
| Dewey Decimal Classification | London | London | Journal article | 11/08/2008 | L144796 | 144796-1001 | 06/08/2019 | 1 | 06/08/2019 | Journal article |